Country Flags Most Similar to Chad - Statistics

General Stats
  • This quiz has been taken 26,446 times
  • The average score is 6 of 7
Answer Stats
Picture Answer % Correct
Romania
97%
Colombia
96%
Venezuela
95%
Andorra
90%
Ecuador
90%
Moldova
87%
Armenia
83%
No matching quizzes found
Score Distribution
Percent of People with Each Score
Percentile by Number Answered
Your Score History
You have not taken this quiz